000
00287nam a22001337a 4500
008
171102b xxu||||| |||| 00| 0 eng d
020
_a
9780470112694
041
_a
eng
080
_a
33
100
_a
59
101
_a
BUS
245
_a
BUSINESS PLAN GUIDE
_c
FORD, B.R
942
_2
udc
_c
BK
999
_c
37236
_d
37236